banner koha

Prolina livre em alecrim-pimenta sob estresse hídrico antes da colheita (Registro n. 298720)

MARC details
000 -LÍDER
fixed length control field 03604nab a2200313 i 4500
003 - CÓDIGO MARC DA AGÊNCIA CATALOGADORA
Campo de controle BR-BrBNA
005 - DATA E HORA DA ÚLTIMA ATUALIZAÇÃO
Campo de controle 20240308112013.0
008 - CAMPO DE TAMANHO FIXO
fixed length control field 240308b2011 bl.qr|p|oa||| 00| 0 por |
040 ## - FONTE DA CATALOGAÇÃO
Agência catalogadora BR-BrBNA
Idioma da catalogação por
072 ## - CATEGORIA AGRIS
Código AGRIS F60
072 ## - CATEGORIA AGRIS
Código AGRIS P33
100 ## - ENTRADA PRINCIPAL - NOME PESSOAL
Nome pessoal Alvarenga, I.C.A.
100 ## - ENTRADA PRINCIPAL - NOME PESSOAL
Nome pessoal Queiroz, G.A.
100 ## - ENTRADA PRINCIPAL - NOME PESSOAL
Nome pessoal Honório, I.C.G.
100 ## - ENTRADA PRINCIPAL - NOME PESSOAL
Nome pessoal Valadares, R.V.
100 ## - ENTRADA PRINCIPAL - NOME PESSOAL
Nome pessoal Martins, E.R.
245 ## - TÍTULO PRINCIPAL
Título principal Prolina livre em alecrim-pimenta sob estresse hídrico antes da colheita
500 ## - NOTA GERAL
Nota geral Publicação on-line; 15 ref.; 1 table; Summaries (En, Pt)
942 ## - ADDED ENTRY ELEMENTS (KOHA)
Koha item type
520 ## - NOTA DE RESUMO
Nota de conteúdo <br/><br/>RESUMO: <br/><br/>O estresse hídrico é considerado um dos fatores limitantes para o desenvolvimento<br/>das plantas, com isso, os vegetais desenvolvem mecanismos para tolerar a deficiência hídrica do<br/>solo. Entre esses mecanismos, está o acúmulo de prolina livre nos tecidos, tendo como função<br/>a regulação osmótica dos tecidos. A influência do estresse hídrico em plantas medicinais ainda<br/>é pouco estudado, principalmente em plantas nativas, como é o caso do alecrim-pimenta Lippia<br/>sidoides Cham. Assim, o trabalho teve por objetivo avaliar a prolina livre e o teor de flavonoides<br/>totais na referida espécie sob condições de estresse hídrico antes da colheita. O trabalho foi<br/>realizado no Instituto de Ciências Agrárias da UFMG, Campus Montes Claros, delineamento em<br/>blocos casualizados, com 5 tratamentos e 4 repetições, sendo eles 8, 6, 4, 2 e 0 dias de<br/>supressão da irrigação antes da colheita. Os teores encontrados de prolina variaram entre 0,2489<br/>a 3,2421 ìM.g-1 de matéria seca e de flavonoides entre 0,0139 a 0,008 g.g-1. Os resultados<br/>observados indicam que a planta diminui seu teor de flavonoides e aumenta o teor de prolina com<br/>o aumento do período de estresse.<br/><br/>Palavras chave: Lippia sidoides Cham., prolina, flavonoides totais, estresse hídrico.
520 ## - NOTA DE RESUMO
Nota de conteúdo <br/><br/>ABSTRACT: <br/><br/>Free proline in Lippia sidoides Cham. under water stress before harvest.<br/>Water stress is considered a limiting factor for plant growth, thus, the plants develop mechanisms<br/>to tolerate the soil water deficit. Among these mechanisms is the accumulation of free proline in<br/>tissues, with the poke the osmotic regulation of tissues. The influence of water stress in medicinal<br/>plants is still poorly studied, mainly on native plants such as rosemary-pepper Lippia sidoides<br/>Cham. Thus, the study aimed to evaluate the free proline and total flavonoid content in that<br/>species under conditions of water stress before harvest. The study was conducted at the Institute<br/>of Agricultural Sciences, UFMG, Campus Montes Claros, randomized block design with 5<br/>treatments and 4 replicates, and they 8, 6, 4, 2 and 0 days of withholding irrigation before harvest.<br/>The content of proline ranged from 0.2489 to 3.2421 ìM.g-1 of dry matter and flavonoids from<br/>0.0139 to 0.008 gg-1. The results indicate that the plant reduces its content of flavonoids and<br/>proline content increases with increasing stress time.<br/><br/>Key words: Lippia sidoides Cham., proline, flavonoids, water stress
650 ## - ASSUNTO - THESAGRO
Cabeçalho tópico ou nome geográfico LIPPIA SIDOIDES
650 ## - ASSUNTO - THESAGRO
Cabeçalho tópico ou nome geográfico PROLINA
650 ## - ASSUNTO - THESAGRO
Cabeçalho tópico ou nome geográfico FLAVONÓIDE
650 ## - ASSUNTO - THESAGRO
Cabeçalho tópico ou nome geográfico DEFICIÊNCIA HÍDRICA
773 0# - ENTRADA ANALÍTICA
Host Biblionumber 3543
Registro do item 313813
Imprenta Botucatu-SP Instituto de Biociências - Departamento de Química e Bioquímica 1998
Outro identificador 2024-0080
Título Revista Brasileira de Plantas Medicinais (Brazil)
ISSN 1516-0572
Colação v. 13(special number) p. 539-541; (2011)
Número de controle de registro BR2024000128
856 ## - ACESSO E ENDEREÇO ELETRÔNICO
Identificador uniforme de recurso - URI https://www.scielo.br/j/rbpm/a/BpxfBTWYg7q9HFmRYRqGyLL/?format=pdf&lang=pt

Nenhum exemplar disponível.

BINAGRI

Telefone: (61)3218-2567/2388/3357/2097 - binagri@agro.gov.br

Ministério da Agricultura e Pecuária , Esplanada dos Ministérios, Bloco D, Anexo B, Brasília/DF, CEP: 70.043-900